000
00350pam a2200157a 44500
008
230515b1985 xxu||||| |||| 00| 0 eng d
020
_a
NULL
041
_a
ENGLISH
082
_a
630
100
_a
6512-1984
245
_a
CRITERIA FOR DESIGN OF SOLID GRAVITY DAMS
250
_a
0
260
_a
DELHI
_b
ISI
_c
1985
300
_a
23
650
_a
NULL
999
_c
652024
_d
652024